| 000 | 00000cam 2200000zi 4500 |
| 001 | 9.958095 |
| 003 | CaOODSP |
| 005 | 20251209142729 |
| 006 | m o d f |
| 007 | cr cn||||||||| |
| 008 | 251209t20252025oncad ob f000 0 eng d |
| 040 | |aCaOODSP|beng|erda|cCaOODSP |
| 041 | 0 |aeng|beng|bfre |
| 043 | |an-cn--- |
| 045 | |ay2y2 |
| 086 | 1 |aFB3-6/2025-16E-PDF |
| 100 | 1 |aAudet, Nicolas, |eauthor. |
| 245 | 10|aModelling the sovereign debt strategy : |ba practical primer / |cNicolas Audet, Jeffrey Gao, Adam Epp, Joe Ning. |
| 264 | 1|a[Ottawa] : |bBank of Canada = Banque du Canada, |c2025. |
| 264 | 4|c©2025 |
| 300 | |a1 online resource (ii, 29 pages) : |bfigure, graphs. |
| 336 | |atext|btxt|2rdacontent |
| 337 | |acomputer|bc|2rdamedia |
| 338 | |aonline resource|bcr|2rdacarrier |
| 490 | 1 |aStaff discussion paper = |aDocument d'analyse du personnel, |y1914-0568 ; |v2025-16 |
| 500 | |aISSN assigned to different series. |
| 500 | |a"Last updated: December 2, 2025." |
| 504 | |aIncludes bibliographical references (page 29). |
| 546 | |aIncludes abstracts in English and French. |
| 650 | 0|aDebts, Public|zCanada|xEconometric models. |
| 650 | 0|aDebts, Public|zCanada|xManagement. |
| 650 | 6|aDettes publiques|zCanada|xModèles économétriques. |
| 650 | 6|aDettes publiques|zCanada|xGestion. |
| 710 | 2 |aBank of Canada, |eissuing body. |
| 830 | #0|aStaff discussion paper (Bank of Canada)|v2025-16.|w(CaOODSP)9.806273 |
| 856 | 40|qPDF|s877 KB|uhttps://publications.gc.ca/collections/collection_2025/banque-bank-canada/FB3-6-2025-16-eng.pdf |